Songs Named After Places Quiz - Statistics

General Stats
  • This quiz has been taken 33 times
  • The average score is 9 of 17
Answer Stats
Hint Answer % Correct
Africa Toto
94%
New York, New York Frank Sinatra
91%
Sweet Home Alabama Lynyrd Skynyrd
88%
Waterloo ABBA
78%
Havana Camila Cabello ft. Young Thug
75%
San Quentin Johnny Cash
63%
Detroit Rock City Kiss
63%
Kashmir Led Zeppelin
63%
Panama Van Halen
53%
Istanbul (Not Constantinople) They Might Be Giants
50%
Budapest George Ezra
47%
Vienna Billy Joel
44%
America Simon and Garfunkel
34%
Paris The Chainsmokers
28%
Saturn Stevie Wonder
25%
Nashville, TN Chuck Berry
22%
Downtown L.A. J.J. Cale
9%
No matching quizzes found
Score Distribution
Percent of People with Each Score
Percentile by Number Answered
Your Score History
You have not taken this quiz